000 00976cam a2200217 4500
001 L129141
008 050322n2005 000 0 eng u
020 _a0750666307
035 _a(Sirsi) u129141
041 _aeng
050 _a658.202
_c18
100 _aLangston, Craig A.
245 _aLife-cost approach to building evaluation
260 _aOxford
_Elsevier Butterworthworth Heinemann
_c2005
300 _a255p.
_c24cm.
350 _a29.99
520 _aAimed at students who are undertaking courses in construction, property, engineering and architecture, this book covers the fundamentals of life-cost studies in the built environment. Includes the time value of money, discounted cash flow analysis, differential price level movement and affordability fluctuations. Contains presentation materials to facilitate face to face and online learning and also review questions.
590 _aIKA070605
690 _aBUILT ENVIRONMENT-BUILDING COSTS
942 _n0
999 _c104110
_d104110